000 00643nam a2200193 i 4500
001 159165
003 ES-MaACL
005 20250809035828.0
008 991102s1879 it |||| | ita d
100 1 _aMattiauda, Bernardo.
_9167526
245 1 0 _aDelle teorie penali e dei sistemi penitenziari /
_cBernardo Mattiauda.
260 _aFirenze :
_bGazzetta d'Italia,
_c1879.
300 _a205 p. ;
_c20 cm.
650 7 _aDerecho penitenciario
_2embne
_9188563
650 7 _aDerecho penitenciario
_2embne
_9188563
752 _aItalia -
_dFlorencia
852 _aES-MaACL
_jD-271
_z- Enc. hol.
_z. - Donativo Lastres
999 _c159165
_d159165